00641nam a22001337a 4500082001200000100008300012245010400095260007900199300003000278500004200308536004600350650005400396650005700450 aRK.0342 aKawadia, GaneshuSchool of Economics, DAVV University.vIndore, Madhya Pradesh aA study of Climate change and Agriculture in the catchment area of Chambal river /cGanesh, Kawadia aIndore, Madhya Pradesh:bIndian council of social science research,c2015. axii, 262p.eContains DVD. aIncludes bibliography and appendices. aIndian council of social science research aAgriculturexEnvironmental impactzMadhya Pradesh aClimate changexEnvironmental impactzMadhya Pradesh